Statistiques concernant Quiz sur les cartes des comtés d'Angleterre

Cliquez ici pour prendre le quiz!

Statistiques générales

  • Ce quiz a été pris 14 fois
  • Le résultat moyen est 9 sur 20

Réponses sur la Carte

Les réponses sont colorées sur une échelle allant du rouge au vert en fonction du pourcentage des utilisateurs qui les ont devinées à leur premier essai. Vous pouvez retrouver ces pourcentages ci-dessous.
 

Statistiques - réponses

Réponse% Correct
Bristol
100%
Cornouailles
100%
Devon
100%
Hampshire
100%
Nottinghamshire
100%
Staffordshire
100%
Warwickshire
100%
Île de Wight
75%
Somerset
75%
Sussex de l'Ouest
75%
Cheshire
67%
Grand Londres
67%
Oxfordshire
67%
Cumbria
60%
Sussex de l'Est
60%
Yorkshire de l'Est
60%
Berkshire
50%
Dorset
50%
Durham
50%
Essex
50%
Merseyside
50%
Norfolk
50%
Rutland
50%
Suffolk
50%
Yorkshire de l'Ouest
50%
Northamptonshire
40%
Yorkshire du Sud
40%
Bedfordshire
33%
Hertfordshire
33%
Midlands de l'Ouest
33%
Northumberland
33%
Shropshire
33%
Yorkshire du Nord
33%
Cambridgeshire
25%
Gloucestershire
20%
Herefordshire
20%
Buckinghamshire
0%
Derbyshire
0%
Grand Manchester
0%
Kent
0%
Lancashire
0%
Leicestershire
0%
Lincolnshire
0%
Surrey
0%
Tyne and Wear
0%
Wiltshire
0%
Worcestershire
0%

Distribution des résultats

Percentile par nombre de réponses

% des personnes avec chaque résultat

Votre développement - résultats

Vous n’avez pas pris ce quiz